[Event "ROM-chT U18"]
[Site "Iasi"]
[Date "2018.07.16"]
[Round "4.3"]
[White "Mogirzan, Matei Valeriu"]
[Black "Muntianu, Razvan Gavril"]
[Result "1-0"]
[WhiteElo "1809"]
[BlackElo "1796"]
[PlyCount "65"]
[EventDate "2018.07.13"]
[EventType "team-tourn"]
[EventRounds "5"]
[EventCountry "ROU"]
[SourceTitle "EXT 2019"]
[Source "ChessBase"]
[SourceDate "2018.10.10"]
[SourceVersion "1"]
[SourceVersionDate "2018.10.10"]
[SourceQuality "1"]
[WhiteTeam "Timisoara CC1"]
[BlackTeam "Iasi Politehnica"]
[WhiteTeamCountry "ROU"]
[BlackTeamCountry "ROU"]

1. e4 g6 2. d4 Bg7 3. Nc3 d6 4. h4 Nf6 5. h5 Nxh5 6. Rxh5 gxh5 7. Qxh5 e6 8. e5 Nc6 9. Bg5 Ne7 10. 0-0-0 d5 11. Bb5+ c6 12. Bd3 Qc7 13. Nh3 Ng6 14. Nf4 Bd7 15. Nxg6 hxg6 16. Qg4 Bh6 17. Bxh6 Rxh6 18. Qg5 Rh5 19. Qf4 Qd8 20. g4 Rh7 21. Na4 b6 22. Qg3 c5 23. Nc3 c4 24. Bxc4 dxc4 25. Ne4 Kf8 26. Nf6 Rh8 27. Qa3+ Kg7 28. d5 Qc7 29. Qe7 Qxe5 30. Nxd7 Qf4+ 31. Kb1 exd5 32. a4 Rae8 33. Qb4 1-0

[Event "ROM-ch U18"]
[Site "Calimanesti"]
[Date "2018.03.30"]
[Round "5"]
[White "Muntianu, Razvan Gavril"]
[Black "Dringa, Dumitru Constantin"]
[Result "1-0"]
[WhiteElo "1764"]
[BlackElo "1163"]
[PlyCount "77"]
[EventDate "2018.03.27"]
[EventType "swiss"]
[EventRounds "9"]
[EventCountry "ROU"]
[SourceTitle "CBM 183 Extra"]
[Source "ChessBase"]
[SourceDate "2018.04.19"]
[SourceVersion "1"]
[SourceVersionDate "2018.04.19"]
[SourceQuality "1"]

1. d4 d5 2. c4 c6 3. e3 Bf5 4. Nc3 e6 5. Nf3 Nf6 6. h3 Nbd7 7. Nh4 Bg6 8. Nxg6 fxg6 9. Bd3 Be7 10. 0-0 0-0 11. e4 Rc8 12. exd5 exd5 13. Qb3 Qb6 14. cxd5 cxd5 15. Nxd5 Nxd5 16. Qxd5+ Kh8 17. Qxd7 Bf6 18. Be3 Rcd8 19. Qb5 Qxb5 20. Bxb5 Bxd4 21. Bxd4 Rxd4 22. b3 Rf5 23. a4 a6 24. Bc4 Rc5 25. Rae1 h5 26. Re8+ Kh7 27. Rb8 Rdxc4 28. bxc4 Rxc4 29. Rxb7 Rxa4 30. Rd1 Kh6 31. Rb6 a5 32. Rdd6 Ra1+ 33. Kh2 a4 34. Rxg6+ Kh7 35. Rg5 a3 36. Ra5 a2 37. Rba6 g6 38. Rxa2 Rxa2 39. Rxa2 1-0

[Event "ROM-ch U14"]
[Site "Calimanesti"]
[Date "2015.04.01"]
[Round "3"]
[White "Muntianu, Razvan Gavril"]
[Black "Stoleriu, George"]
[Result "0-1"]
[WhiteElo "1778"]
[BlackElo "2104"]
[PlyCount "106"]
[EventDate "2015.03.30"]
[EventType "swiss"]
[EventRounds "9"]
[EventCountry "ROU"]
[SourceTitle "CBM 165 Extra"]
[Source "ChessBase"]
[SourceDate "2015.04.21"]
[SourceVersion "1"]
[SourceVersionDate "2015.04.21"]
[SourceQuality "1"]

1. d4 f5 2. g3 g6 3. Bg2 Nf6 4. c4 Bg7 5. Nf3 0-0 6. 0-0 d6 7. Nc3 Qe8 8. Bd2 c6 9. b4 Ne4 10. Rc1 Na6 11. a3 Nc7 12. e3 Nxd2 13. Qxd2 e5 14. dxe5 dxe5 15. Rfd1 e4 16. Nd4 Bd7 17. Bf1 Rd8 18. Nb3 Ne6 19. c5 Ng5 20. Be2 Be6 21. Qc2 Qf7 22. Rxd8 Rxd8 23. Nd2 Qf6 24. Ncb1 Nf7 25. Bc4 Ne5 26. Bxe6+ Qxe6 27. Qb3 Qxb3 28. Nxb3 Rd3 29. N3d2 Nf3+ 30. Nxf3 exf3 31. Kf1 Bb2 32. Re1 g5 33. e4 f4 34. gxf4 gxf4 35. a4 Kf7 36. h3 Ke6 37. Kg1 Ke5 38. Kh2 Rd4 39. b5 Rxe4 40. Nd2 Rxe1 41. Nxf3+ Ke4 42. Nxe1 Bc3 43. bxc6 bxc6 44. Ng2 Bd4 45. Kg1 Kf3 46. Nh4+ Ke2 47. Kg2 Bxf2 48. Nf3 Bxc5 49. Ne5 Be3 50. h4 c5 51. h5 c4 52. Nxc4 f3+ 53. Kg3 f2 0-1

[Event "ROM-ch U14"]
[Site "Calimanesti"]
[Date "2014.04.06"]
[Round "1"]
[White "Muntianu, Razvan Gavril"]
[Black "Arsene, Marinel"]
[Result "1-0"]
[WhiteElo "1752"]
[BlackElo "1414"]
[PlyCount "67"]
[EventDate "2014.04.06"]
[EventType "swiss"]
[EventRounds "9"]
[EventCountry "ROU"]
[SourceTitle "CBM 160 Extra"]
[Source "ChessBase"]
[SourceDate "2014.07.01"]
[SourceVersion "1"]
[SourceVersionDate "2014.07.01"]
[SourceQuality "1"]

1. d4 e6 2. c4 d5 3. Nc3 c6 4. e3 Nf6 5. Nf3 Bd6 6. Bd3 0-0 7. 0-0 Nbd7 8. e4 dxc4 9. Bxc4 e5 10. Re1 Qc7 11. h3 h6 12. Qc2 b6 13. Be3 Bb7 14. Rac1 Rac8 15. Qe2 b5 16. Bb3 a6 17. Nd5 Nxd5 18. exd5 Qb8 19. dxe5 Nxe5 20. Nxe5 Bxe5 21. dxc6 Rxc6 22. Bc5 Re8 23. Kf1 Rcc8 24. Qh5 g6 25. Qxg6+ Kh8 26. Qxh6+ Kg8 27. Qg6+ Kh8 28. Qh5+ Kg7 29. Qxf7+ Kh8 30. Qh5+ Kg7 31. Qg5+ Kh7 32. Bc2+ Kh8 33. Qh6+ Kg8 34. Qh7# 1-0

[Event "ROM-ch U12"]
[Site "Calimanesti"]
[Date "2013.04.05"]
[Round "5"]
[White "Rosca, Victor Adrian"]
[Black "Muntianu, Razvan Gavril"]
[Result "0-1"]
[WhiteElo "1324"]
[BlackElo "1628"]
[PlyCount "62"]
[EventDate "2013.04.02"]
[EventType "swiss"]
[EventRounds "9"]
[EventCountry "ROU"]
[SourceTitle "CBM 153 Extra"]
[Source "ChessBase"]
[SourceDate "2013.04.22"]
[SourceVersion "1"]
[SourceVersionDate "2013.04.22"]
[SourceQuality "1"]

1. e4 c5 2. Nf3 a6 3. d4 cxd4 4. Nxd4 e6 5. Be3 Qc7 6. Be2 Nf6 7. Nd2 Nc6 8. 0-0 Be7 9. Kh1 d5 10. exd5 Nxd5 11. Nxc6 Nxe3 12. fxe3 Qxc6 13. Nc4 0-0 14. Qd4 Qc5 15. Qf4 Bg5 16. Qg3 b5 17. b4 Qe7 18. Nb6 Ra7 19. Nxc8 Rxc8 20. Rac1 Rac7 21. Bh5 g6 22. Bd1 Bh6 23. a3 Rc3 24. Bg4 Rxe3 25. Qf2 Rxa3 26. Rb1 Rac3 27. Qb6 R3c6 28. Qf2 Rxc2 29. Qf3 R2c3 30. Qe4 R3c4 31. Qf3 Bg7 0-1

[Event "ROM-ch U12"]
[Site "Calimanesti"]
[Date "2013.04.03"]
[Round "3"]
[White "Negulici, Andrei Daniel"]
[Black "Muntianu, Razvan Gavril"]
[Result "1-0"]
[WhiteElo "1802"]
[BlackElo "1628"]
[PlyCount "99"]
[EventDate "2013.04.02"]
[EventType "swiss"]
[EventRounds "9"]
[EventCountry "ROU"]
[SourceTitle "CBM 153 Extra"]
[Source "ChessBase"]
[SourceDate "2013.04.22"]
[SourceVersion "1"]
[SourceVersionDate "2013.04.22"]
[SourceQuality "1"]

1. d4 d6 2. e4 g6 3. Nc3 Bg7 4. f4 Nd7 5. e5 e6 6. Nf3 d5 7. Bd3 Ne7 8. Be3 b6 9. Qd2 Bb7 10. Ne2 c5 11. c3 c4 12. Bc2 b5 13. g4 h5 14. gxh5 Rxh5 15. Ng3 Rh8 16. h4 Nf5 17. Bxf5 gxf5 18. Ng5 Qe7 19. h5 Bh6 20. Ke2 Nb6 21. Rag1 Kd7 22. Qc2 Rag8 23. Qd2 Bc8 24. Kd1 Kc7 25. Ne2 Rg7 26. Bf2 Rhg8 27. Bh4 Qd7 28. Nh7 Rxg1+ 29. Nxg1 Qc6 30. Nf6 Rh8 31. Nf3 Nd7 32. Rg1 Nxf6 33. Bxf6 Re8 34. Bg7 Bxg7 35. Rxg7 Re7 36. Qg2 b4 37. h6 Qa4+ 38. Ke1 Qxa2 39. h7 Qb1+ 40. Kf2 Qxb2+ 41. Kg3 bxc3 42. h8Q c2 43. Qhh2 Qxd4 44. Qxc2 Qc5 45. Qhf2 Qa5 46. Qa2 Qxa2 47. Qxa2 a6 48. Qa5+ Kc6 49. Nd4+ Kd7 50. Rg8 1-0